=LDR 00000nam 2200000 4500 =001 INLIS000000000036101 =005 20221021085013 =035 ##$$a 0010-061300000036101 =008 221021################g##########0#ind## =041 ##$$a Ind =082 ##$$a F Rom K =090 ##$$a F Rom K, Gee j =100 ##$$a Geerts, Andre =245 1#$$a Jojo nenek jagoan /$c Andre Geents ; alih bahasa, Gema Mahardika =260 ##$$a Jakarta :$b Gramedia,$c 2011 =300 ##$$a 47 hlm : $b Ilus ; $c 18 x 23,5 Cm. =650 #4$$a Fiksi kanak-kanak =850 ##$$a NBPNMAT =020 ##$$a 978-602-00-0403-7 =084 ##$$a F Rom K GEE j =990 ##$$a 21400613/BPAP-NTB/20142014 =990 ##$$a 0001/BPAP-NTB/20142014 =990 ##$$a 21100968